Loading...
| Current Events | 2 | 20.00 | 100% | 100% | 0% |
| Fine Arts - Classical Music | 4 | 0.00 | 0% | 0% | 0% |
| Fine Arts - Other | 7 | 20.00 | 100% | 57% | 43% |
| Fine Arts - Painting and Sculpture | 4 | 7.50 | 75% | 0% | 0% |
| Geography | 1 | 10.00 | 100% | 0% | 0% |
| History - American | 5 | 10.00 | 80% | 20% | 0% |
| History - European | 6 | 11.67 | 100% | 0% | 17% |
| History - Other | 4 | 17.50 | 75% | 75% | 25% |
| History - World | 4 | 15.00 | 100% | 50% | 0% |
| Literature - American | 4 | 22.50 | 100% | 100% | 25% |
| Literature - British | 2 | 20.00 | 100% | 50% | 50% |
| Literature - European | 3 | 23.33 | 100% | 67% | 67% |
| Literature - World | 5 | 16.00 | 60% | 100% | 0% |
| Mythology | 5 | 16.00 | 100% | 20% | 40% |
| Philosophy | 5 | 10.00 | 100% | 0% | 0% |
| Pop Culture | 2 | 10.00 | 100% | 0% | 0% |
| Religion | 5 | 6.00 | 60% | 0% | 0% |
| Science - Biology | 5 | 6.00 | 40% | 20% | 0% |
| Science - Chemistry | 3 | 3.33 | 33% | 0% | 0% |
| Science - Other | 4 | 5.00 | 50% | 0% | 0% |
| Science - Physics | 5 | 6.00 | 60% | 0% | 0% |
| Social Science | 8 | 10.00 | 63% | 38% | 0% |